Malanowska, Aniela. Z dziejów walk z okupantami w powiecie zambrowskim w latach 1939 - 1945. - Warszawa : Rytm. - 2003 [Rezension]
| Titel: | Malanowska, Aniela. Z dziejów walk z okupantami w powiecie zambrowskim w latach 1939 - 1945. - Warszawa : Rytm. - 2003 [Rezension] |
|---|---|
| Verfasser: | |
| In: |
Studia Łomżyńskie, Band 14 (2003), Seite 303-305 alle Artikel anzeigen |
| Veröffentlicht: | 2003 |
| Format: | Aufsatz |
| Sprache: | Polnisch |
X
alg: 39511055 001A $01999:12-11-16 001B $01999:04-08-21 $t21:05:08.000 001D $01999:12-11-16 001U $0utf8 001X $00 002@ $0Aox 003@ $0395110556 007A $0395110556 $aHEB 007T $0Herda25346h 010@ $apol 011@ $a2003 021A $aMalanowska, Aniela. Z dziejów walk z okupantami w powiecie zambrowskim w latach 1939 - 1945. - Warszawa : Rytm. - 2003 [Rezension] 028A $aGwardiak $dJanusz 031A $d14 $h303-305 $j2003 039B $aIn $8--Abvc--. Studia Łomżyńskie. - Łomża : LTN, 1989-. - ISSN 0860-7249 $x200300000140000697 $922006993X 039T $8--Aau--Malanowska, Aniela [Tnd]. Z dziejów walk z okupantami w powiecie zambrowskim w latach 1939 - 1945. - Wyd. 1. - Warszawa : Rytm, 2003. - 221 S.. - Ill.. - ISBN 83-7399-002-X $9119545632 045F $a900.9438 $eDDC23BSB 045F/01 $a900 045F/03 $g438 lok: 39511055 78 exp: 39511055 78 1 #EPN 201B/01 $018-11-16 $t13:46:43.000 201U/01 $0utf8 203@/01 $0791409198 208@/01 $a12-11-16 $be 209A/01 $a/ $f000 $x00 220C/01 $aHerkunft: IH PAN/PBB Kraków 244Z/01 $2Trx $#Poola $#Lenkija $#Polija $#Polen Land $#Poland $#Lengyelország $#Poľsko $#Polsko $8--Trx--Polska$gkraj $x01 $9391345966 244Z/01 $2Trx $#arvustused $#recenzijos $#Reviews $#recenziók $#recenzje $#recenzie $#recenze $8--Trx--Rezensionen $x02 $9391357441 247C/01 $82080>Marburg/Lahn, Herder-Institut, Forschungsbibliothek, Bibliographieportal $9336309341
| LEADER | 00000caa a22000002c 4500 | ||
|---|---|---|---|
| 001 | 395110556 | ||
| 003 | DE-603 | ||
| 005 | 20210804210508.0 | ||
| 007 | tu | ||
| 008 | 161112s2003 xx |||| | u00||u|pol c | ||
| 035 | |a (DE-599)HEB395110556 | ||
| 040 | |a DE-603 |b ger |c DE-603 |d DE-603 | ||
| 041 | |a pol | ||
| 082 | 0 | 4 | |8 1\u |a 900.9438 |q DE-101 |2 23/BSB |
| 085 | |8 1\u |b 900 | ||
| 085 | |8 1\u |z 2 |s 438 | ||
| 100 | 1 | |a Gwardiak, Janusz | |
| 245 | 0 | 0 | |a Malanowska, Aniela. Z dziejów walk z okupantami w powiecie zambrowskim w latach 1939 - 1945. - Warszawa : Rytm. - 2003 [Rezension] |
| 264 | 0 | |c 2003 | |
| 773 | 0 | 8 | |i In |t Studia Łomżyńskie |d Łomża : LTN, 1989- |x 0860-7249 |g Band 14 (2003), Seite 303-305 |w (DE-603)22006993X |w (DE-600)2535583-1 |
| 787 | 0 | 8 | |i Rezension von |a Malanowska, Aniela |t Z dziejów walk z okupantami w powiecie zambrowskim w latach 1939 - 1945 |b Wyd. 1 |d Warszawa : Rytm, 2003 |h 221 S., Ill. |z 837399002X |w (DE-603)119545632 |
| 924 | 0 | |9 2080 |a (DE-603)791409198 |b DE-2080 |c HES |d d |g / | |


